000 00509nam a2200157 a 4500
001 000036287
005 20200930075640.0
008 120112s1954 ag 000 0 spa d
040 _aDO-SdBNP
_bspa
_cBNPHU
082 _axxx
_bG623
100 1 _aGoldschmidt, Roberto
_962412
245 1 3 _aEl fideicomiso (Trust) en el derecho comparado /
_cRoberto Goldschmidt, Phanor J. Eder.
260 _aBuenos Aires, Argentina :
_bEdiciones Arayú,
_c1954.
300 _a152 p. ;
_c24 cm.
700 1 _aEder, Phanor J.
_962413
999 _c35778
_d35778